Pick the Palindromes Quiz Stats

 Plays Quiz Updated Jul 27, 2018

Score 0/10 Timer 02:00
0 Plays Today
Question Answer Wrong Answers
Technology Radar
92.9%
X-ray
4.9%
Paddling craft Kayak
87%
Canoe
10.9%
Haircut Bob
86.2%
Mullet
11.5%
Time of Day Noon
85.3%
Midnight
12.5%
Tool Level
84.1%
Grinder
13.5%
First Name Anna (Kendrick)
80.4%
Sarah (Silverman)
16.8%
Transport Racecar
74.9%
Catamaran
22.8%
Exercise Pull up
72%
Push up
25.7%
Car Model Civic (Honda)
70.1%
A4 (Audi)
27.3%
Video Game Title Acronym WoW (World of Warcraft)
66.6%
GTA (Grand Theft Auto)
30%

You're not logged in!

Compare scores with friends on all Sporcle quizzes.
OR
Log In

Sporcle TV

Today on Sporcle TV


Watch our educational content, quiz creation guides, and fun videos on Sporcle TV.

Show Comments

Extras

Top Quizzes Today


Score Distribution

Your Account Isn't Verified!

In order to create a playlist on Sporcle, you need to verify the email address you used during registration. Go to your Sporcle Settings to finish the process.

Report this User

Report this user for behavior that violates our Community Guidelines.

Details: